Samuel Richardson, dress, and discourse /

Bibliografiska uppgifter
Huvudupphovsman: Oliver, Kathleen M.
Materialtyp: Bok
Språk:English
Publicerad: Houndmills, Basingstoke, Hampshire [England] ; New York : Palgrave Macmillan, 2008.
Ämnen:
Classic Catalogue: View this record in Classic Catalogue
LEADER 01328nam a2200277 a 4500
001 0017780
003 BD-DhAAL
008 090730s2008 enka b 001 0 eng d
010 |a  2008015146 
020 |a 9780230574526 (alk. paper) 
020 |a 0230574521 (alk. paper) 
040 |a DLC  |c DLC  |d BAKER  |d BWKUK  |d BWK  |d BWX  |d BTCTA  |d YDXCP  |d DLC  |d BD-DhAAL 
082 0 0 |a 823.6  |2 22 
100 1 |a Oliver, Kathleen M.  |9 58276 
245 1 0 |a Samuel Richardson, dress, and discourse /  |c Kathleen M. Oliver. 
260 |a Houndmills, Basingstoke, Hampshire [England] ;  |a New York :  |b Palgrave Macmillan,  |c 2008. 
300 |a x, 229 p. :  |b ill. ;  |c 23 cm 
504 |a Includes bibliographical references (pages 198-226) and index. 
526 |a ENH  |x Sohana Manzoor Faculty Member of BRAC University  
541 1 |e 00017780  |a Karim International 
600 1 0 |a Richardson, Samuel,  |d 1689-1761  |x Criticism and interpretation.  |9 321 
650 0 |a Epistolary fiction, English  |x History and criticism.  |9 58277 
852 4 |a Ayesha Abed Library  |c General Stacks 
942 |2 ddc  |c BK 
999 |c 2984  |d 2984 
952 |0 0  |1 0  |2 ddc  |4 0  |6 823_600000000000000_OLI  |7 0  |9 2699  |a BRACUL  |b BRACUL  |c GEN  |d 2009-08-18  |e Karim International  |g 4387.00  |l 1  |m 3  |o 823.6 OLI  |p 3010017780  |r 2015-01-18  |s 2014-12-24  |t 1  |w 2009-08-18  |y BK  |x Requisitioned by Sohana Manzoor (Faculty member of BRAC University)